Praktische Studien zur Unternehmensforschung
Enregistré dans:
| Format: | Livre |
|---|---|
| Langue: | allemand |
| Publié: |
Berlin :
Springer Verlag,
1970
|
| Tags: |
Pas de tags, Soyez le premier à ajouter un tag!
|
MARC
| LEADER | 00000nam a22000003a 4500 | ||
|---|---|---|---|
| 001 | stu40749 | ||
| 005 | 20150408180541.7 | ||
| 008 | 930527s1970----gw------------------ger-d | ||
| 040 | |a STU |b slo | ||
| 041 | 0 | |a ger | |
| 044 | |a gw | ||
| 245 | |a Praktische Studien zur Unternehmensforschung | ||
| 260 | |a Berlin : |b Springer Verlag, |c 1970 | ||
| 300 | |a 240 s | ||
| 996 | |b 284M077505 |c M*5564-1 |l MMKN |s A |a 24 |w stu40749_0001 | ||